Fundamentals of nuclear physics

Saved in:
Bibliographic Details
Main Author: Verma, Jagdish
Format: Book
Language:English
Published: CBS Publishers 2017
Tags: Add Tag
No Tags, Be the first to tag this record!

MARC

LEADER 00000nam a22000007a 4500
008 240813b |||||||| |||| 00| 0 eng d
020 |a 9788123911599 
100 |a Verma, Jagdish 
245 |a Fundamentals of nuclear physics  |c Jagdish Varma, Roop Chand Bhandari and D.R.S. Somayajulu  |g xiv, 584p.;ill 
260 |b CBS Publishers  |c 2017  |h New Delhi  |i 701601  |i 701602  |l QC173.V58  |m Nuclear Physics 
500 |a It includes bibliography and index 
942 |a lcc  |c BK  |e Adeyemo O.O  |f 13/08/2024 
952 |0 0  |1 0  |2 lcc  |4 0  |6 QC0173 V58  |7 0  |9 5490  |a SL  |b HOL  |c QZ  |d 2024-08-13  |l 0  |o QC173.V58  |p 2024-0731  |r 2024-08-13 00:00:00  |t 701601  |w 2024-08-13  |y BK 
952 |0 0  |1 0  |2 lcc  |4 0  |6 QC0173 V58  |7 0  |9 5491  |a HOL  |b HOL  |c QZ  |d 2024-08-13  |l 0  |o QC173.V58  |p 2024-0732  |r 2024-08-13 00:00:00  |t 701602  |w 2024-08-13  |y BK 
999 |c 2713  |d 2713